Financial Times : Real Options
| Main Author: | |
|---|---|
| Format: | Book |
| Published: |
London :
Pearson Education Limited ,
2001
|
| Subjects: |
MARC
| LEADER | 00000cam a2200000 7i4500 | ||
|---|---|---|---|
| 001 | 0000012425 | ||
| 005 | 20050505.0 | ||
| 020 | |a 0273650939 | ||
| 040 | |a INS | ||
| 090 | 0 | 0 | |a HG6023.A3 |b H8391 2001 |
| 100 | 1 | |a Howell, Sydney | |
| 245 | 1 | 0 | |a Financial Times : |b Real Options |c An Introduction for executives |c Sydney Howell |
| 260 | |a London : |b Pearson Education Limited , |c 2001 | ||
| 300 | |a x : |b 146p ; |c 30cm. | ||
| 650 | 0 | 0 | |a Options (Finance) |
| 999 | |a 0000012968 |b BOOK |c Open Shelf |e Default branch | ||